Statystyki dla Czy odgadniesz proplayerów po ich nazwiskach?

Kliknij tutaj aby rozwiązać quiz!

Ogólne statystyki

  • Ten quiz został rozwiązany 837 razy
  • Średni wynik to 17 z 26

Statystyki odpowiedzi

Imię i nazwisko Nick % poprawnych
Janusz PogorzelskiSnax
100%
Michał MullerMichu
98%
Aleksandr KostylievS1mple
95%
Wiktor WojtasTaZ
92%
Kenny SchrubkennyS
90%
Gabriel ToledoFallen
82%
Olof Kajbjerolofmeister
82%
Daniel PłomińskiStomp
78%
Jake YipStewie2K
75%
Jesper WecksellJW
75%
Marcelo Davidcoldzera
70%
Mathieu HerbautZywOo
68%
Nathan SchmittNBK
63%
Özgür Ekerwoxic
63%
Danylo TeslenkoZeus
60%
Oskar Stenborowskioskarish
59%
Richard Papillonshox
56%
Ismailcan DörtkardeşXANTARES
56%
Aleksi Jalliallu
53%
Emil ReifMagisk
51%
Nick Cannellanitr0
50%
Kaike CeratoKSCERATO
40%
Mikail BillMaikelele
39%
Fabien Fieykioshima
33%
Dzhami AloJame
33%
Vincent CayonteBrehze
21%

Rozkład punktacji

Percentyl według liczby udzielonych odpowiedzi

Procent ludzi z każdym wynikiem

Twoja historia wyników

Nie rozwiązałeś tego quizu